00395 2200157 4500001002100000008004100021035002000062245003400082100001500116260002800131300002200159020002200181084001400203082000800217990001200225INLIS000000000002776 IND  a0010-0925000123 aSurga Untuk IbukucRiri Ansar aRiri Ansar aJakartabEuthaniac2016 a172c(13 x 19 cm) a978-602-1310-38-0 a813 RIR c a813 a0754998